| 000 | 00355nam a2200133Ia 4500 | ||
|---|---|---|---|
| 005 | 20260328101442.0 | ||
| 008 | 260328s9999||||xx |||||||||||||| ||und|| | ||
| 100 | _aAshihara, Yoshinobu | ||
| 245 | 0 |
_aEl DiseƱo de Espacios Exteriores / _cYoshinobu Ashihara |
|
| 260 | _bGustavo Gili | ||
| 300 | _a146 p. | ||
| 650 | _aARQUITECTURA - ELEMENTOS | ||
| 942 | _cBK | ||
| 999 |
_c8300 _d8300 |
||